Analýza možného získavania vlastných a dlhových zdrojov financovania slovenských podnikov dizertačná práca
Saved in:
| Main Author: | |
|---|---|
| Corporate Author: | |
| Other Authors: | |
| Format: | Book |
| Language: | Slovak |
| Published: |
Bratislava
2013
|
| Subjects: | |
| Tags: |
No Tags, Be the first to tag this record!
|
MARC
| LEADER | 00000nbm a2200000 4500 | ||
|---|---|---|---|
| 001 | 0176255 | ||
| 005 | 20240502073014.8 | ||
| 041 | 0 | |a slo | |
| 044 | |a SK | ||
| 245 | 1 | 0 | |a Analýza možného získavania vlastných a dlhových zdrojov financovania slovenských podnikov |b dizertačná práca |c Lukáš Ďurana ; školiteľ: Božena Hrvoľová |
| 264 | 1 | |a Bratislava |c 2013 | |
| 300 | |a 149 s. | ||
| 610 | 2 | 0 | |a zdroje finančné |
| 610 | 2 | 0 | |a zdroje finančné cudzie |
| 610 | 2 | 0 | |a zdroje finančné vlastné |
| 610 | 2 | 0 | |a podnik |
| 610 | 2 | 0 | |a zadlženosť |
| 610 | 2 | 0 | |a Slovensko |
| 100 | 1 | |a Ďurana, Lukáš | |
| 700 | 1 | |a Hrvoľová, Božena | |
| 710 | 2 | |a Fakulta podnikového manažmentu EU. Katedra podnikových financií | |